Universitäten in Rheinland-Pfalz - Statistiken

Allgemein
  • Dieses Quiz wurde 148 mal gespielt
  • Das Durchschnittsergebnis liegt bei 4 aus 5
Antwortstatistiken
Name Gründung Studierende Stadt % Korrekt
Johannes-Gutenberg-Universität 1477 ca. 30.000 Mainz
100%
Rheinland-Pfälzische Technische Universität 2023 ca. 17.000 Kaiserslautern / Landau
94%
Universität [Stadtname] 2023 ca. 9.000 Koblenz
93%
Universität [Stadtname] 1970 ca. 11.000 Trier
91%
Deutsche Universität für Verwaltungswissenschaften 1947 ca. 300 Speyer
61%
Keine übereinstimmenden Quizze gefunden
Verteilung der Resultate
Anzahl Personen mit jedem Resultat
Perzentil nach korrekt beantworteten Fragen
Ihre Resultats-Entwicklung
Sie haben dieses Quiz noch nicht gespielt